000
00357nam a22001217a 4500
040
_c
HS
082
_a
620
100
_a
ង៉ោ ប៊ុនថាន
245
_a
strength of materials ភាពធន់ទ្រាំនៃសំភារៈបរិក្ខា
260
_a
RUA
_b
ង៉ោ ប៊ុនថាន
_c
1997
300
_a
150p;
942
_c
KB
999
_c
9984
_d
9984